<?xml version="1.0" encoding="UTF-8"?>
<record
    xmlns:xsi="http://www.w3.org/2001/XMLSchema-instance"
    xsi:schemaLocation="http://www.loc.gov/MARC21/slim http://www.loc.gov/standards/marcxml/schema/MARC21slim.xsd"
    xmlns="http://www.loc.gov/MARC21/slim">

  <leader>03879cam a2200337 a 4500</leader>
  <controlfield tag="001">17767662</controlfield>
  <controlfield tag="005">20150510112901.0</controlfield>
  <controlfield tag="008">130607s2014    enka   frb    001 0 eng d</controlfield>
  <datafield tag="020" ind1=" " ind2=" ">
    <subfield code="a">9780415632126 (hardback)</subfield>
  </datafield>
  <datafield tag="020" ind1=" " ind2=" ">
    <subfield code="a">9780415632133 (paperback)</subfield>
  </datafield>
  <datafield tag="020" ind1=" " ind2=" ">
    <subfield code="z">9780203095997 (ebook)</subfield>
  </datafield>
  <datafield tag="040" ind1=" " ind2=" ">
    <subfield code="a">DLC</subfield>
    <subfield code="b">eng</subfield>
    <subfield code="c">DLC</subfield>
    <subfield code="d">DLC</subfield>
    <subfield code="d">EG-ScBUE</subfield>
  </datafield>
  <datafield tag="082" ind1="0" ind2="0">
    <subfield code="a">659.293632</subfield>
    <subfield code="2">22</subfield>
    <subfield code="b">LEE</subfield>
  </datafield>
  <datafield tag="100" ind1="1" ind2=" ">
    <subfield code="a">Lee, Murray,</subfield>
    <subfield code="d">1965-</subfield>
    <subfield code="9">37887</subfield>
  </datafield>
  <datafield tag="245" ind1="1" ind2="0">
    <subfield code="a">Policing and media :</subfield>
    <subfield code="b">public relations, simulations and communications /</subfield>
    <subfield code="c">Murray Lee and Alyce McGovern.</subfield>
  </datafield>
  <datafield tag="260" ind1=" " ind2=" ">
    <subfield code="a">Oxon ;</subfield>
    <subfield code="a">New York :</subfield>
    <subfield code="b">Routledge,</subfield>
    <subfield code="c">2014.</subfield>
  </datafield>
  <datafield tag="300" ind1=" " ind2=" ">
    <subfield code="a">xiii, 248 p. :</subfield>
    <subfield code="b">tables ;</subfield>
    <subfield code="c">21 cm.</subfield>
  </datafield>
  <datafield tag="490" ind1="0" ind2=" ">
    <subfield code="a">New directions in critical criminology</subfield>
  </datafield>
  <datafield tag="500" ind1=" " ind2=" ">
    <subfield code="a">Index : p. 243-248.</subfield>
  </datafield>
  <datafield tag="504" ind1=" " ind2=" ">
    <subfield code="a">Bibliography: p. 223-241.</subfield>
  </datafield>
  <datafield tag="520" ind1=" " ind2=" ">
    <subfield code="a">"This book examines the relationship between police, media and the public and analyses the shifting techniques and technologies through which they communicate. In a critical discussion of contemporary and emerging modes of mediatized police work, Lee and McGovern demonstrate how the police engage with the public through a fluid and quickly expanding assemblage of communications and information technologies.Policing and Media explores the rationalities that are driving police/media relations and asks; how these relationships differ (or not) from the ways they have operated historically; what new technologies are influencing and being deployed by policing organizations and police public relations professionals and why; how operational policing is shaping and being shaped by new technologies of communication; and what forms of resistance are evident to the manufacture of preferred images of police. The authors suggest that new forms of simulated and hyper real policing using platforms such as social media and reality television are increasingly positioning police organisations as media organisations, and in some cases enabling police to bypass the traditional media altogether. The book is informed by empirical research spanning 10 years in this field and includes chapters on journalism and police, policing and social media, policing and reality television, and policing resistances. It will be of interest to those researching and teaching in the fields of Criminology, Policing and Media as well as police and media professionals"--</subfield>
  </datafield>
  <datafield tag="520" ind1=" " ind2=" ">
    <subfield code="a">"This book examines the relationship between policing, media and the public and analyses the shifting techniques and technologies through which they communicate. In a critical discussion of contemporary and emerging modes of mediatized police work, Lee and McGovern demonstrate how the police engage with the public through ever-expanding communications and information technologies. Policing and Media questions the rationalities that are driving police/media relations and how they differ (or not) from the ways these relationships have operated historically; asks what new technologies are influencing and being deployed by policing agencies and policing PR professionals and why; examines how operational policing is shaping and being shaped by new technologies of communication and explores forms of resistance that are evident to the manufacture of preferred images of policing and the effects of such resistances. It contains chapters on simulated policing, police media public relations, policing social media as well as reality television. It will be of interest those conducting research in the fields of Criminology, Policing and Media as well as police and media professionals"--</subfield>
  </datafield>
  <datafield tag="650" ind1=" " ind2="7">
    <subfield code="a">Police-community relations.</subfield>
    <subfield code="2">BUEsh</subfield>
    <subfield code="9">37888</subfield>
  </datafield>
  <datafield tag="650" ind1=" " ind2="7">
    <subfield code="a">Community policing.</subfield>
    <subfield code="2">BUEsh</subfield>
    <subfield code="9">37889</subfield>
  </datafield>
  <datafield tag="650" ind1=" " ind2="7">
    <subfield code="a">Police and mass media.</subfield>
    <subfield code="2">BUEsh</subfield>
    <subfield code="9">37890</subfield>
  </datafield>
  <datafield tag="650" ind1=" " ind2="7">
    <subfield code="a">Information technology.</subfield>
    <subfield code="2">BUEsh</subfield>
    <subfield code="9">5620</subfield>
  </datafield>
  <datafield tag="653" ind1=" " ind2=" ">
    <subfield code="b">COMAME</subfield>
    <subfield code="c">May2015</subfield>
  </datafield>
  <datafield tag="655" ind1=" " ind2=" ">
    <subfield code="v">reading book</subfield>
    <subfield code="9">34232</subfield>
  </datafield>
  <datafield tag="700" ind1="1" ind2=" ">
    <subfield code="a">McGovern, Alyce.</subfield>
    <subfield code="9">37891</subfield>
  </datafield>
  <datafield tag="942" ind1=" " ind2=" ">
    <subfield code="2">ddc</subfield>
  </datafield>
  <datafield tag="999" ind1=" " ind2=" ">
    <subfield code="c">19322</subfield>
    <subfield code="d">19294</subfield>
  </datafield>
  <datafield tag="952" ind1=" " ind2=" ">
    <subfield code="0">0</subfield>
    <subfield code="1">0</subfield>
    <subfield code="2">ddc</subfield>
    <subfield code="4">0</subfield>
    <subfield code="7">0</subfield>
    <subfield code="8">Alahram</subfield>
    <subfield code="a">MAIN</subfield>
    <subfield code="b">MAIN</subfield>
    <subfield code="c">1ST</subfield>
    <subfield code="d">2015-05-10</subfield>
    <subfield code="e">purchase</subfield>
    <subfield code="g">291.00</subfield>
    <subfield code="h">331</subfield>
    <subfield code="l">0</subfield>
    <subfield code="o">659.293632 LEE</subfield>
    <subfield code="p">000038186</subfield>
    <subfield code="r">2025-07-15 00:00:00</subfield>
    <subfield code="v">363.75</subfield>
    <subfield code="y">BB</subfield>
  </datafield>
</record>
